Powiaty z największym odsetkiem Ślązaków - Statystyki

Ogólne statystyki
  • Ten quiz został rozwiązany 447 razy
    428 od ostatniego zresetowania
  • Średni wynik to 23 z 37
Statystyki odpowiedzi
Odsetek Ślązaków Powiat / Miasto % Poprawnych
20-25% Katowice
96%
Gliwice
89%
Zabrze
87%
Rybnik
86%
15-20% Bytom
84%
30-35% Chorzów
84%
Ruda Śląska
77%
Sosnowiec
77%
Tychy
77%
Siemianowice Śląskie
71%
Bielsko-Biała
69%
25-30% gliwicki
69%
Świętochłowice
69%
5-10% cieszyński
68%
Mysłowice
68%
Opole
68%
opolski
68%
raciborski
67%
Jastrzębie Zdrój
66%
Żory
66%
bielski
64%
Piekary Śląskie
63%
pszczyński
61%
rybnicki
61%
tarnogórski
59%
wodzisławski
58%
>40% mikołowski
56%
1-5% będziński
52%
lubliniecki
51%
35-40% bieruńsko-lędziński
48%
10-15% kędzierzyńsko-kozielski
45%
strzelecki
45%
kluczborski
43%
prudnicki
38%
krapkowicki
37%
oleski
35%
Kraków
18%
Nie znaleziono quizów pasujących do podanych kryteriów
Rozkład punktacji
Procent ludzi z każdym wynikiem
Percentyl według liczby udzielonych odpowiedzi
Twoja historia wyników
Nie rozwiązałeś tego quizu od ostatniego zresetowania